000 01009nam0a22002771 4500
001 v19\rc\1395502
005 20250618095114.0
035 _a(NLR Aleph) 004526929
090 _a4924676
_c4924676
100 _a20060512d1870 |||y0rusy50 ca
101 0 _arus
102 _aRU
105 _ay z |||||
200 1 _aСтолыпинские минеральные воды в химическом, диэтетическом и терапевтическом отношениях
_eС прил.
_eДля справки больных
_f[Соч.] Д-ра мед. К.В. Ивенсен
210 _aСаратов
_cтип. Сарат. справ. листка
_d1870
215 _a102 с.
_d21
700 1 _aИвенсен
_bК.В.
_gКарл Васильевич
801 0 _aRU
_bNLR
_gpsbo
801 0 _aRU
_bRuMoRGB
_2psbo
801 1 _aRU
_bProSoft-M
_2rusmarc
852 _aNLR
_j20.58.2.253
899 _aRuMoRGB
_jW 201/421
899 _aRuMoRGB
_jW 518/748
899 _aБАН
942 _cBOOK
980 _aNB